000 03049cam a22003734a 4500
999 _c10748
_d10748
001 13047605
003 GZU
005 20221005110340.0
008 030103s2004 paua b 001 0 eng
010 _a 2003041520
020 _a0721694241
022 _a0721694241
035 _a(DNLM)101163446
040 _aDNLM/DLC
_cDLC
_dDLC
042 _apcc
050 0 0 _aRC1005
_b.BOV 2004
245 0 0 _aBove and Davis' diving medicine /
_c[edited by] Alfred A. Bove.
246 3 0 _aDiving medicine
250 _aFourth edition.
260 _aPhiladelphia :
_bW.B. Saunders,
_cc2004.
300 _axx, 623 pages :
_billustrations ;
_c27 cm.
504 _aIncludes bibliographical references and index.
505 _aCh. 1. A short history of diving and diving medicine Ch. 2. Diving physics Ch. 3. Diving equipment Ch. 4. Inert gas exchange and bubbles Ch. 5. Breath-hold diving Ch. 6. Mixed-gas diving Ch. 7. Mechanisms and risks of decompression Ch. 8. Pathophysiology of decompression sickness Ch. 9. Pulmonary barotrauma Ch. 10. Treatment of decompression illness Ch. 11. Inert gas narcosis and high-pressure nervous syndrome Ch. 12. Toxicity of oxygen, carbon dioxide, and carbon monoxide Ch. 13. Hypothermia Ch. 14. Near drowning Ch. 15. Marine animal injuries Ch. 16. Marine poisoning and intoxication Ch. 17. Human performance underwater Ch. 18. Medical supervision of diving operations Ch. 19. Women in diving Ch. 20. Diving in the elderly and the young Ch. 21. Aseptic necrosis of bone Ch. 22. Ear and sinus problems in diving Ch. 23. Neurologic consequences of diving Ch. 24. Pulmonary disorders [and diving] Ch. 25. Cardiovascular disorders and diving Ch. 26. Diabetes and diving Ch. 27. Medical evaluation for sport diving Ch. 28. Medical evaluation of working divers Ch. 29. U.S. Navy diving equipment and techniques
520 _aDiving Medicine has earned a worldwide reputation as the definitive source on diving safety and the management of diving-related health conditions. The New, 4th Edition has been completely revised and updated while still retaining its practical clinical orientation. It covers basic diving physiology the pathophysiology of decompression sickness assessment of physical fitness for diving diagnosis and treatment of diving-related disorders and much more. Discusses special considerations for female, elderly, and pediatric diversCovers diving-related problems in people with pre-existing medical conditions, such as pulmonary, cardiac, and neurologic diseaseIncludes information about marine toxicology
650 0 _aSubmarine medicine.
650 0 _aDiving.
650 1 2 _aDiving.
650 2 2 _aNaval Medicine.
700 1 _aBove, Alfred A.
_d1938-
_eeditor
700 1 _aDavis, Jefferson C.
_q(Jefferson Carroll),
_d1932-
_eeditor
906 _a7
_bcbc
_corignew
_d1
_eocip
_f20
_gy-gencatlg
942 _2lcc
_cBK
_eFourth edition
_h1005
_iBOV
_kRC